The Conquest of Happiness / (Record no. 193802)
[ view plain ]
| 000 -LEADER | |
|---|---|
| fixed length control field | 00439 a2200157 4500 |
| 003 - CONTROL NUMBER IDENTIFIER | |
| control field | Nust |
| 005 - DATE AND TIME OF LATEST TRANSACTION | |
| control field | 20230711102031.0 |
| 040 ## - CATALOGING SOURCE | |
| Transcribing agency | Nust |
| 082 ## - DEWEY DECIMAL CLASSIFICATION NUMBER | |
| Classification number | 170, RUS |
| 100 ## - MAIN ENTRY--PERSONAL NAME | |
| Personal name | Bertrand Russell |
| 9 (RLIN) | 13371 |
| 245 ## - TITLE STATEMENT | |
| Title | The Conquest of Happiness / |
| Statement of responsibility, etc. | Bertrand Russell |
| 260 ## - PUBLICATION, DISTRIBUTION, ETC. | |
| Place of publication, distribution, etc. | Lahore |
| Name of publisher, distributor, etc. | Ali Majeed |
| Date of publication, distribution, etc. | 1956 |
| 300 ## - PHYSICAL DESCRIPTION | |
| Extent | 252 p.; |
| 505 ## - FORMATTED CONTENTS NOTE | |
| Formatted contents note | Part I:Causes of Unhappiness (Page-19), Part II Causes of Happiness (Page-143). |
| 942 ## - ADDED ENTRY ELEMENTS (KOHA) | |
| Source of classification or shelving scheme | |
| Koha item type | Book |
| Withdrawn status | Lost status | Source of classification or shelving scheme | Damaged status | Not for loan | Permanent Location | Current Location | Shelving location | Date acquired | Full call number | Barcode | Date last seen | Price effective from | Koha item type | Public note | Total Checkouts | Date last checked out |
|---|---|---|---|---|---|---|---|---|---|---|---|---|---|---|---|---|
| Military College of Signals (MCS) | Military College of Signals (MCS) | General Stacks | 12/12/2016 | 170,RUS | MCS21892 | 12/08/2016 | 12/12/2016 | Book | Almirah No.46, Shelf No.5 | |||||||
| Military College of Signals (MCS) | Military College of Signals (MCS) | General Stacks | 12/12/2016 | 170,RUS | MCS22548 | 12/08/2016 | 12/12/2016 | Book | Almirah No.73, Shelf No.2 | |||||||
| Military College of Signals (MCS) | Military College of Signals (MCS) | General Stacks | 12/12/2016 | 170,RUS | MCS28000 | 12/08/2016 | 12/12/2016 | Book | Almirah No.73, Shelf No.2 | |||||||
| Military College of Signals (MCS) | Military College of Signals (MCS) | General Stacks | 12/20/2022 | 170, RUS | MCS38506 | 06/02/2023 | 12/20/2022 | Book | Almirah No.46, Shelf No.5 | 3 | 05/17/2023 | |||||
| Military College of Signals (MCS) | Military College of Signals (MCS) | General Stacks | 07/11/2023 | 170, RUS | MCS38741 | 07/11/2023 | 07/11/2023 | Book | Almirah No.46, Shelf No.5 |
